000 00438nam a2200157Ia 4500
999 _c7627
_d7627
003 OSt
005 20201027144900.0
008 190216s9999||||xx |||||||||||||| ||und||
040 _coclc
082 _a658.5
_bKIN/P
100 _91252
_aKing's
245 0 _aProduction And Operation Management /
_cKing's
260 _bKing`S Books,
_c2009.
_aDelhi:
300 _a232p
942 _cBK
_2ddc
_h658.5
_iKIN/P
_k658.5
_mKIN/P